Nghệ thuật học

Guardado en:
Detalles Bibliográficos
Autor principal: Đỗ Văn Khang (Tác giả)
Formato: Libro
Lenguaje:Vietnamese
Publicado: H. Đại học Quốc gia 2008
Edición:In lần thứ 4
Materias:
Etiquetas: Agregar Etiqueta
Sin Etiquetas, Sea el primero en etiquetar este registro!
Thư viện lưu trữ: Mạng thư viện Đại học Đà Nẵng
LEADER 01069nam a2200337 4500
001 000010177
003 6377
005 20120403100413.0
008 111121s2008 viesd
020 |c 23000đ 
041 0 |a vie 
082 |a 701  |b ĐÔ-K 
100 0 |a Đỗ Văn Khang  |e Tác giả 
245 0 |a Nghệ thuật học  |c Đỗ Văn Khang 
250 |a In lần thứ 4  |b có sửa chữa 
260 |a H.  |b Đại học Quốc gia  |c 2008 
300 |a 194 tr.  |c 21 cm 
653 |a Nghệ thuật 
653 |a Lịch sử và phê bình 
700 |a Đỗ Văn Khang  |e Tác giả 
910 |a duyên 
OWN |a LSP 
AVA |a UDN50  |b LSP  |d 701 ĐÔ-K  |e check_holdings  |t Error 5003 Not defined in file expand_doc_bib_avail.  |h N  |k 1 
999 |a From the UDN01 
AVA |a UDN50  |b LSP  |d 701 ĐÔ-K  |e available  |t Error 5001 Not defined in file expand_doc_bib_avail.  |f 27  |g 5  |h N  |i 32  |k 1 
TYP |a Monograph 
TYP |a Printed language 
980 |a Mạng thư viện Đại học Đà Nẵng